Run Through Walls Lyrics - The Script - Statistics

General Stats
  • This quiz has been taken 5 times
  • The average score is 244 of 326
Answer Stats
Lyrics % Correct
and
100%
do
100%
don't
100%
go
100%
got
100%
i
100%
I
100%
in
100%
I've
100%
Iv'e
100%
on
100%
run
100%
that
100%
the
100%
through
100%
walls
100%
we
100%
when
100%
will
100%
you
100%
are
75%
at
75%
call
75%
fly
75%
for
75%
friends
75%
I'm
75%
it
75%
kitchen
75%
left
75%
me
75%
need
75%
no
75%
nowhere
75%
oh
75%
time
75%
to
75%
were
75%
where
75%
With
75%
with
75%
alone
50%
be
50%
but
50%
called
50%
carry
50%
catch
50%
'cause
50%
day
50%
died
50%
ever
50%
eyes
50%
from
50%
happy
50%
heroes
50%
know
50%
let
50%
life
50%
mad
50%
madness
50%
may
50%
mind
50%
moment
50%
mother
50%
my
50%
not
50%
of
50%
off
50%
once
50%
one
50%
perfect
50%
sad
50%
sadness
50%
say
50%
shield
50%
show
50%
sitting
50%
strength
50%
stupid
50%
superhuman
50%
superpowers
50%
text
50%
there's
50%
they
50%
too
50%
up
50%
way
50%
(yeah)
50%
yeah
50%
yes
50%
you're
50%
always
25%
ashes
25%
born
25%
fall
25%
fight
25%
happiness
25%
held
25%
help
25%
hours
25%
if
25%
most
25%
(ooh)
25%
piss
25%
realized
25%
rise
25%
save
25%
since
25%
sky
25%
steel
25%
talkin'
25%
things
25%
visible
25%
was
25%
weak
25%
what's
25%
whoa-oh-oh
25%
wiped
25%
words
25%
X-Ray
25%
you'll
25%
young
25%
you've
25%
No matching quizzes found
Score Distribution
Percent of People with Each Score
Percentile by Number Answered
Your Score History
You have not taken this quiz